| 000 | 03576nam a2200301 a 4500 | ||
|---|---|---|---|
| 001 | BRCA_5404 | ||
| 005 | 20190320205049.0 | ||
| 008 | 091210m18081809mx-####f#v---#000-0#spa-# | ||
| 041 | _aspa | ||
| 044 | _amx | ||
| 084 |
_aDOC120 _b.S26 _c1808 |
||
| 110 | 2 |
_aSan Francisco, Orden de _bTercera Orden (Seglar) _913812 |
|
| 245 | 1 | 0 |
_aDocumento expedido de las cuentas del Hospital de Terceros de N. P. S. Francisco _cOrden Franciscana |
| 260 |
_aMéxico _c1808 |
||
| 300 |
_a[163] fojas _c31 x 21 cm. |
||
| 500 | _aDocumento expedido en 1808 | ||
| 500 | _aComprobante de las cuentas que el tesorero del Hospital de Terceros de N. P. S. Francisco ha seguido desde el primero de marzo de 1808 a fin de febrero de 1809. | ||
| 500 | _aPapel con marca de agua | ||
| 500 | _aEl documento contiene la leyenda DOC. # 164 | ||
| 500 | _aEstado de conservación: contiene márgenes maltratados | ||
| 505 | 0 |
_aContenido: Razón de lo cobrado en la finca llamada del Maíz en la Plazuela de la Paja, perteneciente al Hospital del Venerable Orden Tercero de Nuestro Seráfico Padre San Francisco. -- Informes mensuales desde marzo 1808 a febrero de 1809. Información de accesorias y los que las ocupan e importe liquido cobrado. Firmado por Juan Crisóstomo Ortuño. –- Recibos de varias personas entre otras el Conde de Santiago, como comprobantes de haber recibido de Don Mariano Zúñiga y Ontiveros, Tesorero del Hospital de San Francisco, el pago correspondiente por el censo. -- Cuenta de lo cobrado en el mes de marzo de 1808 en la Caza de Pozo de la Calle del Nagualito. Firma Juan Crisóstomo Ortuño. -– CUENTA del pan remitido al Hospital de Terceros, de la carne despachada al Hospital de terceros (marzo de 1808), de los gastos erogados en los alimentos de los enfermos, manutención y sueldos de los dependientes de este Real Hospital (informe de marzo 1808 a febrero 1809). -- Cuenta del costo que tuvo la comida que se suministro a los reos en las cuatro cárceles el día de la Santísima Trinidad donada con _100 por Don Antonio Calderón y otros _100 que doto Don Diego Escobaza para la Acordada. (30 junio 1808). -- Cuenta del costo que tuvo la comida que se suministro a los reos en las cuatro cárceles el día de San Juan Bautista, dotada con _250 por el Exmo. Sor. Márquez de Casafuerte. (30 julio 1808) . -- Costo de los reparos en el hospital y gallos en 4 meses corridos desde 1 de marzo de 1808 hasta 30 de junio. Costo de los reparos en 4 meses corridos desde 1 de julio de 1808 hasta noviembre. -- Cuenta del costo de reparos ejecutados en cuatro meses corridos desde 1 de noviembre de 1808 hasta 28 de febrero de 1809. -- Cuenta del costo que ha tenido desbaratar y reconstruir la pared de medianeria en el cuarto patio del hospital de terceros. -- Cuenta de la cera entregada al Hospital del Tercer Orden de San Francisco. Varios recibos de cantidades entregadas por el tesorero Mariano de Ontiveros, firmados por Miguel Manzo. Costo del Chocolate para el gasto del año de enfermos y dependientes. Razón de lo cobrado en las accesorias y viviendas del Hospital del Venerable Orden Terceros de N. P. S. Francisco, en todo el mes de marzo de 1808, informes mensuales hasta febrero de 1809. |
|
| 506 | 0 | _aFondo reservado: para su consulta es necesario credencial de usuario y carta de motivos. | |
| 546 | _aTexto en: español del siglo XIX | ||
| 610 | 2 | 4 |
_aSan Francisco, Orden de _bTercera Orden (Seglar) _913812 |
| 650 | 1 | 4 |
_aFranciscanos _eOrdenes tereceras _vManuscrito _xHistoria _yS. XIX _zMéxico _913813 |
| 902 | _aFDH | ||
| 942 |
_2lcc _cD |
||
| 999 |
_c5098 _d5098 |
||